00756nam a2200193 a 450000100100000000500170001000800410002704000250006808200190009324500730011226000450018530000210023050000730025150400330032470000350035770000360039295201170042899900170054500003694320200930080034.0120207s1972 xxu 000 0 spa d aDO-SdBNPbspacBNPHU axxxxxxbxxxxxx00aHobbes and Rousseau /ceditores Maurice Cranston, Richard S. Peters. aNew York, :bDoubleday & Company,c1972. a505 p. ;c18 cm. aIncluye referencias bibliográficas y notas al pie de las páginas aBibliografías : p. 498-5051 aCranston, Maurice,eed.9633411 aS. Peters, Richard,eed.963342 001050718MOaGRbGRcHDd2012-02-07iLF1l0oxxxxxx xxxxxxp36943-10r2020-06-25w2020-06-25y1ZNo se presta c36433d36433